Simply windows

Bibliographic Details
Main Author: Campbell, Mary
Format: Book
Published: Carlifornia : Osborne McGraw-Hill 992

MARC

LEADER 00000cam a2200000 7i4500
001 0000009782
002 000010650
005 20000330.0
020 |a 0078817439 
090 0 0 |a 005.3   |b CAM 
100 1 |a Campbell, Mary 
245 1 0 |a Simply windows   |c Mary Campbell 
260 |a Carlifornia :   |b Osborne McGraw-Hill 992 
300 |a 212 p. :   |b ill. ;   |c 22 cm. 
999 |a 025673   |b BUKU   |c PINJAMAN   |e PERPUSTAKAAN KOMUNITI PETALING JAYA 
999 |a 053052   |b BUKU   |c PINJAMAN   |e PERPUSTAKAAN KOMUNITI PETALING JAYA